| 000 | 00997nac a22003377a 4500 | ||
|---|---|---|---|
| 001 | BR8302362 | ||
| 003 | BR-BrBNA | ||
| 005 | 20240105115721.0 | ||
| 008 | 230509b bl.|||m| |||| 00| 0 por d | ||
| 040 |
_aBR-BrBNA _bpor _cBiblioteca Nacional de Agricultura |
||
| 072 | _aE50; F00 | ||
| 090 | _aE50 BR8302362 | ||
| 100 | 1 | _aSantiago, A. da C. | |
| 110 | 1 | _aCoordenadoria de Assistencia Tecnica Integral, Campinas, SP (Brasil) | |
| 245 | 1 | _aArborizacao das cidades [urbanizacao, Brasil] | |
| 250 | 1 | _a5. ed. | |
| 260 | 3 |
_aCampinas, SP (Brasil): _c1983. |
|
| 300 | _a18 p. | ||
| 490 |
_aBoletim Tecnico - Coordenadoria de Assistencia Tecnica Integral (Brazil) _vno. 90 _xISSN 0100-4417 |
||
| 500 | _a7 tables | ||
| 650 | _aARBORIZACAO | ||
| 650 | _aARVORE | ||
| 650 | _aTAXONOMIA VEGETAL | ||
| 650 | _aMUDA | ||
| 650 | _aPLANTIO | ||
| 650 | _aESPACAMENTO | ||
| 650 | _aPODA | ||
| 650 | _aCIDADE | ||
| 909 |
_a202312 _bLúcia Elande _c55 _dLúcia Elande |
||
| 942 |
_2AGRIS _n0 _cMS |
||
| 999 |
_c276058 _d276058 |
||